Влияние английского языка на формирование компьютерного сленга в русском языке; Молодой ученый; № 4 (27), T. 1
| Parent link: | Молодой ученый: ежемесячный научный журнал.— , 2008- № 4 (27), T. 1.— 2011.— [С. 240-242] |
|---|---|
| Yazar: | |
| Diğer Yazarlar: | |
| Özet: | Заглавие с экрана |
| Dil: | Rusça |
| Baskı/Yayın Bilgisi: |
2011
|
| Konular: | |
| Online Erişim: | https://moluch.ru/archive/27/2924/ https://www.elibrary.ru/item.asp?id=16361713 |
| Materyal Türü: | MixedMaterials Elektronik Kitap Bölümü |
| KOHA link: | https://koha.lib.tpu.ru/cgi-bin/koha/opac-detail.pl?biblionumber=663797 |
MARC
| LEADER | 00000naa0a2200000 4500 | ||
|---|---|---|---|
| 001 | 663797 | ||
| 005 | 20250506171824.0 | ||
| 035 | |a (RuTPU)RU\TPU\network\34967 | ||
| 035 | |a RU\TPU\network\7514 | ||
| 090 | |a 663797 | ||
| 100 | |a 20210310d2011 k||y0rusy50 ca | ||
| 101 | 0 | |a rus | |
| 102 | |a RU | ||
| 135 | |a drcn ---uucaa | ||
| 181 | 0 | |a i | |
| 182 | 0 | |a b | |
| 200 | 1 | |a Влияние английского языка на формирование компьютерного сленга в русском языке |f О. В. Сумцова, Т. Ю. Шевякова | |
| 203 | |a Текст |c электронный | ||
| 300 | |a Заглавие с экрана | ||
| 320 | |a [Библиогр.: 6 назв.] | ||
| 461 | |t Молодой ученый |o ежемесячный научный журнал |d 2008- | ||
| 463 | |t № 4 (27), T. 1 |v [С. 240-242] |d 2011 | ||
| 610 | 1 | |a электронный ресурс | |
| 610 | 1 | |a труды учёных ТПУ | |
| 700 | 1 | |a Сумцова |b О. В. |c лингвист |c старший преподаватель Томского политехнического университета, кандидат филологических наук |f 1977- |g Ольга Витальевна |3 (RuTPU)RU\TPU\pers\30355 |9 14700 | |
| 701 | 1 | |a Шевякова |b Т. Ю. |g Татьяна Юрьевна | |
| 801 | 2 | |a RU |b 63413507 |c 20210310 |g RCR | |
| 850 | |a 63413507 | ||
| 856 | 4 | 0 | |u https://moluch.ru/archive/27/2924/ |
| 856 | 4 | 0 | |u https://www.elibrary.ru/item.asp?id=16361713 |
| 942 | |c CF | ||